000 00800cam a2200229 p 4500
001 BD-DhSAU 5216
003 BD-DhSAU
005 20150412142454.0
008 760802s1976 nyua b 001 0 eng
020 _a0444411879
040 _aBD-DhSAU
082 0 0 _a631.405
_222
_bMAA
100 1 _aMarel, H. W. van der.
245 1 0 _aAtlas of infrared spectroscopy of clay minerals and their admixtures /
_cH. W. van der Marel and H. Beutelspacher, in collaboration with E. Reitz and P. Krohmer.
260 _aNew York :
_bElsevier Scientific Pub. Co. ,
_cc1976.
300 _aviii, 396 p. :
_bill. ;
_c31 cm.
504 _aIncludes index and Bibliography: p. 347-387.
590 _aIMRAN
650 0 _aClay
_xAnalysis.
650 0 _aInfrared spectroscopy.
700 1 _aBeutelspacher, H.,
_ejoint author.
942 _2ddc
_cBOOK
999 _c5216
_d5216